Tanzania a profile

Salvato in:
Dettagli Bibliografici
Autore principale: HATCH, John Chaarles
Natura: Libro
Lingua:inglese
Pubblicazione: Pell Mall 1972.
Tags: Aggiungi Tag
Nessun Tag, puoi essere il primo ad aggiungerne!!

MARC

LEADER 00000nam a22000007a 4500
008 201223b ||||| |||| 00| 0 eng d
100 |a HATCH, John Chaarles. 
245 |a Tanzania  |b  a profile  |c John Chaarles Hatch 
260 |b Pell Mall  |c 1972.  |h London  |i 90714   |l DT444 .H28 
942 |a lcc  |c BK  |e ADEYEYE Y. S.  |f 23/12/2020 
952 |0 0  |1 0  |2 lcc  |4 0  |6 DT0444 H28  |7 0  |9 1167  |a HOL  |b AC  |c AF  |d 2020-12-23  |l 0  |o DT444 .H28  |p 2020-230373  |r 2020-12-23 00:00:00  |w 2020-12-23  |y BK 
999 |c 610  |d 610